MDQL
is popping MORE tags! Check the
thread
!
Quizzes
Events
Quiz Creation
Community
Videos
Private Events
Remove Ads
Sign In
Join for FREE
Feedback
Dark Mode
Quiz Categories
Sports
Geography
Music
Movies
Television
Just For Fun
Miscellaneous
History
Literature
Language
Science
Gaming
Entertainment
Religion
Holiday
For Kids
Quiz Lab
Recent
Popular Today
Quiz Kudos Today
Editor Picks
Curator Picks
Quizzes by...
Day
Popularity
Type
Ratings
Length
Year
Community
Subscriptions
Recent Discussions
Orange Saloon
Badges
Playlists
Quests
Create
Leaderboards
Showdown
Live 5
Trivia Bingo
Activity
Puzzle Library
Sporcle Events
Private Events
Virtual Trivia
Globe League
Become a Host
Pub Owners
SporcleCon
Opinionation
Our Games
Videos
Blog
Mobile Apps
Partnerships
Remove Ads and Go Orange
Feedback
Music
Pop Music
The Beatles
Song
Album
Lyrics
Bands
Singers
Artist
Clip
Rock
Rap
Classical
Billboard
Country Music
Kpop
Taylor Swift
Music
Pop Music
The Beatles
Song
Album
Lyrics
Bands
Singers
Artist
Clip
Rock
Rap
Classical
Billboard
Country Music
Kpop
Taylor Swift
Random Quiz
Search Sporcle
×
Quiz Lab
Quiz Lab
Music
Kpop
Type in answers that appear in a list
Type in answers that appear in a list
Classic
Best Score? Go Orange.
Name the KPOP groups (some subunits) Stats
Can you name the Name the KPOP groups?
By
rainbow_cactus
10m
100 Questions
1,335 Plays
1,335 Plays
1,335 Plays
Comments
Comments
Give Quiz Kudos
Give Quiz Kudos
-
- Ratings
hide this ad
Replay
Link that replays current quiz
Next Quiz
Link to next quiz in quiz playlist
You Got
0%
They Got
Avg Score
41%
Avg Friend Score
Upgrade to see
Score Distribution
Jump to the score distribution portion of the page
Score
0/100
Timer
10:00
0
Plays Today
Hint
Answer
% Correct
EXO
88.2%
BTS
86.7%
Big Bang
84.8%
Super Junior
82.3%
SNSD
80.7%
2NE1
77.5%
GOT7
77.1%
SHINee
75.7%
2PM
75.3%
iKON
73.8%
2AM
73.6%
Seventeen
72.3%
VIXX
72%
Red Velvet
70.9%
BTOB
70.8%
4Minute
70.2%
Infinite
69.7%
B.A.P
67.8%
Sistar
67.5%
Winner
66.5%
Beast
66.5%
f(x)
66.2%
Miss A
66%
AOA
65.9%
Twice
65.4%
Block B
65.2%
After School
62.9%
Wonder Girls
61.2%
Monsta X
61.1%
G.Friend
60.9%
TVXQ
60.6%
KARA
59.6%
T-ARA
59.6%
Teen Top
59.1%
Hint
Answer
% Correct
B1A4
57.1%
Boyfriend
55.9%
Girls Day
55.9%
Nu'Est
49.8%
Mamamoo
49%
JYJ
47.8%
UKISS
47.4%
Orange Caramel
46.5%
Lovelyz
46.3%
Day6
44.5%
Brown Eyed Girls
43.6%
Rainbow
42.9%
CLC
41.8%
UP10TION
41.7%
Shinhwa
40%
A Pink
39.4%
Oh My Girl
38.4%
Epik High
37.2%
TOPP DOGG
35.2%
100%
33.7%
Crayon Pop
32.9%
Dal Shabet
32.7%
Hello Venus
32.2%
9MUSES
30.1%
Fiestar
28.6%
N.Flying
27.8%
15&
27.7%
Super Junior M
27.3%
JJCC
25.9%
History
25.7%
C-Clown
25.7%
Infinite H
25.6%
Mad Town
25.6%
24K
25.1%
Hint
Answer
% Correct
MYNAME
24.9%
TaeTiSeo
23.8%
Boys Republic
22.6%
A-JAX
21.4%
Cross Gene
21.3%
Infinite F
19.1%
HIGH4
19%
Super Junior K.R.Y
18.6%
Big Star
17.2%
LR
16.5%
Romeo
16.2%
GD&TOP
15%
ToHeart
14.4%
Bastarz
14.2%
TASTY
13.9%
LED Apple
13.5%
AlphaBAT
12.1%
AA
11.9%
M.I.B
11.4%
TINY-G
11.1%
Lunafly
10.9%
DMTN
10.7%
uBEAT
10.1%
LC9
9.7%
Rainbow Blaxx
9%
BTL
7.9%
Strawberry Milk
7.9%
The Boss
7.3%
Big Byung
6.9%
Beat Win
5.8%
YOUNIQUE UNIT
4.2%
Electroboyz
3.4%
Quiz Playlist
Details
Report
Send in Message
Add To Playlist
Classic:
Type in answers that appear in a list
Last Updated: Feb 16, 2017
Quiz Scoreboard
CHALLENGE
Sign Up to Join the Scoreboard
Show All
Scores
Hide
Comments
May contain spoilers
Recently Published
5x2 Blitz: Bands
by SL_Kpop136
Music
30s
Colored Red Africa Blitz
by spor1
Geography
30s
Find the 'City' Movie
by crazypaving
Movies
60s
More to Explore
Quiz From the Vault
Featured Blog Post
14 Easter Pick-up Lines to Find Eggs With
hide this ad
You Might Also Like...
Tags
Kpop Quiz
Kpop Quiz
subunit
Today's Top Quizzes in Music
Browse Music
hide this ad
Today's Top Quizzes in Kpop
Browse Kpop
Top Contributed Quizzes in Music
1
5X2 Blitz: Bands II
2
Taylor Swift Logic Puzzle II
3
Taylor Swift All Songs (2024)
4
5X2 Blitz: The Beatles
5
5X2 Blitz: Billboard
6
5X2 Blitz: Singers
7
5X2 Blitz: Album
8
5X2 Blitz: Rock
9
Music Artist by Three 2010s hits
10
5X2 Blitz: Billboard II
Explore More
Trending Topics
Crossword
Harry Potter
Kpop
Anime
NBA
Disney
Marvel
Puzzle
The Office
Soccer
Pokémon
Country
WWE
Song
NFL
hide this ad
More By:
rainbow_cactus
Quiz
Plays
Rating
Category
Featured
Created
Name the KPOP groups (some subunits)
1,335
4.00
Music
Dec 26, 2015
KPOP Groups and Their Subunits
941
3.25
Music
Dec 28, 2015
KPOP Rookies and Underrated Groups (Boy Groups)
663
1.00
Music
Jun 13, 2016
Go to Creator's Profile
Score Distribution
Quiz Creator Spotlight
rainbow_cactus
Follow
Send a Message
Quizzes Created
-
Created Quiz Play Count
-
More By This Creator
Popular Quizzes Today
1
Find the 'City' Movie
2
Colored Red Africa Blitz
3
Find the US States - No Outlines Minefield
4
5x2 Blitz: Bands
5
The Countries of the World
6
Find the US States
7
US States
8
9x9 Crossword: Cartoon Network
More Music Quizzes
LOONA Music Videos by Thumbnail
Quiz Lab
Trending Quizzes
Colored Red Europe Blitz I
Colored Red Africa Blitz II
Colored Red Europe Blitz II
Colored Red Europe Blitz III
Colored Red Africa Blitz III
Recently Updated
Famous TV Couples
Peacemaker
Champions League XIs: Real Madrid
pecheneg
Largest US Cities 1790-2010
pecheneg
Rides in Walt Disney World
pecheneg
Most Oscar Losses (Acting)
pecheneg
Beyoncé Albums
pecheneg
Leaping Animals
pecheneg
Reality TV Shows (A-Z)
bhenderson79
Rickey Henderson's Hall of Fame Teammates
pecheneg
Champions League XIs: Arsenal
pecheneg
Trending Topics
NBA
Kpop
Disney
Harry Potter
Anime
Marvel
Crossword
WWE
Pokémon
Soccer
Country
The Office
Puzzle
Song
NFL
Your Account Isn't Verified!
In order to create a playlist on Sporcle, you need to verify the email address you used during registration. Go to your
Sporcle Settings
to finish the process.
Report this User
Report this user for behavior that violates our
Community Guidelines
.
Details:
Send Report
Go to the Sporcle.com Mobile Site →
Comments